| Поле | Название | Значение |
| Тип записи | a | |
| Библиографический уровень | m | |
| 001 | Контрольный номер | ed671e07d1c14fed9bbbb2efc99111fe |
| 005 | Дата корректировки | 20140626125051.3 |
| 010 | Индекс ISBN | __ |
| a | ISBN | 5-469-00397-3 |
| 101 | Язык документа | 0_ |
| a | Язык текста | rus |
| 102 | Страна публикации | __ |
| a | Страна публикации | RU |
| 200 | Заглавие и сведения об ответственности | 1_ |
| a | Заглавие | Финансовый учет |
| f | Первые сведения об ответственности | В. А. Терехова |
| 210 | Выходные данные | 1_ |
| c | Издательство | Питер |
| a | Место издания | СПб. |
| d | Дата издания | 2005 |
| 215 | Физическое описание | __ |
| a | Объем | 366, [2] с. |
| 225 | Серия | 2_ |
| a | Серия | Краткий курс |
| 610 | Ключевые слова | 0_ |
| a | Ключевые слова | УЧЕТ, УЧЕТ АКТИВОВ, УЧЕТ АРЕНДЫ, УЧЕТ БАНКОВСКИХ КРЕДИТОВ, УЧЕТ БАНКОВСКИХ ОПЕРАЦИЙ, УЧЕТ ВЛОЖЕНИЙ ВО ВНЕОБОРОТНЫ, УЧЕТ ВНЕОБОРОТНЫХ АКТИВОВ, УЧЕТ ИЗДЕРЖЕК ОБРАЩЕНИЯ, УЧЕТ ИНВЕСТИЦИЙ В ОСНОВНОЙ К, УЧЕТ КАПИТАЛА, УЧЕТ КАПИТАЛА И РЕЗЕРВОВ, УЧЕТ КАПИТАЛЬНЫХ ВЛОЖЕНИЙ, УЧЕТ КРЕДИТОВ, УЧЕТ НАЛОГОВЫХ АКТИВОВ, УЧЕТ НЕМАТЕРИАЛЬНЫХ АКТИВОВ, УЧЕТ ОПЛАТЫ ТРУДА, УЧЕТ ОСНОВНЫХ СРЕДСТВ, УЧЕТ ПРИБЫЛИ, УЧЕТ СОБСТВЕННОГО КАПИТАЛА, УЧЕТ ФИНАНСОВЫХ ВЛОЖЕНИЙ, УЧЕТ ФИНАНСОВЫХ ОБЯЗАТЕЛЬСТВ, УЧЕТ ФИНАНСОВЫХ РЕЗУЛЬТАТОВ, УЧЕТ ФОРМИРОВАНИЯ ФИНАНСОВЫХ |
| 610 | Ключевые слова | 0_ |
| a | Ключевые слова | инвентаризация |
| 610 | Ключевые слова | 0_ |
| a | Ключевые слова | амортизация |
| 610 | Ключевые слова | 0_ |
| a | Ключевые слова | банкротство |
| 610 | Ключевые слова | 0_ |
| a | Ключевые слова | бухгалтерская отчетность |
| 686 | Индексы других классификаций | __ |
| a | Классификационный индекс | 65.052.9(2)226 |
| 2 | Код системы | rubbk |
| 700 | Автор | _1 |
| a | Фамилия | Терехова |
| b | Имя | В. А. |
| g | Полное личное имя | Вера Александровна |
| 801 | Источник записи | _0 |
| a | Страна | RU |
| b | Организация | РУК |
| c | Дата составления | 20061121 |
| g | Правила каталогизации | PSBO |
| 801 | Источник записи | _1 |
| a | Страна | RU |
| b | Организация | РУК |
| c | Дата составления | 20061121 |
| g | Правила каталогизации | PSBO |
| 852 | Данные о местонахождении | __ |
| i | Авторский знак | Т 35 |
| j | Шифр хранения | ББК 65.052 |
| 901 | Тип документа | __ |
| t | Тип документа | m |
| 938 | Служебная информация | __ |
| a | Название организации | Головной вуз |
| b | Имя БД | BOOK |
| c | Название АИБС | АИБС ИРБИС |
| 938 | Служебная информация | __ |
| a | Название организации | Сыктывкарский филиал |